|
|
|
|
| LEADER |
01148cmm a2200385 i 4500 |
| 001 |
000049912 |
| 003 |
10087 |
| 005 |
20030211143631.0 |
| 008 |
010426|1999 vm 000 eng |
| 020 |
|
|
|a 0324001827
|
| 040 |
|
|
|a IRC
|c IRC
|d IRC
|
| 041 |
0 |
|
|a eng
|
| 082 |
1 |
4 |
|a 519.5
|b AN-D
|
| 100 |
1 |
|
|a Sweeney, Dennis J.
|
| 245 |
0 |
0 |
|a Data files (Excel and Minitab) to accompany Statistics for business and economics, 7e
|h [Float Disk-Đĩa mềm] /
|c David R. Anderson, Dennis J. Sweeney, Thomas A. William.
|
| 260 |
|
|
|a Cincinnati :
|b South-Western College,
|c 1999.
|
| 300 |
|
|
|a 2 computer disks ;
|c 3 1/2 in.
|
| 630 |
0 |
4 |
|a Economics.
|
| 630 |
0 |
4 |
|a Commercial statistics.
|
| 630 |
0 |
4 |
|a Statistical methods.
|
| 650 |
0 |
4 |
|a Statistics.
|
| 650 |
0 |
4 |
|a Economics
|x Statistical methods.
|
| 650 |
0 |
4 |
|a Commercial statistics
|x Methodology.
|
| 700 |
1 |
|
|a Williams, Thomas A.
|
| 700 |
1 |
|
|a Anderson, David R.
|
| OWN |
|
|
|a DUT
|
| 999 |
|
|
|a From the UDN01
|
| TYP |
|
|
|a Computer file
|
| TYP |
|
|
|a Monograph
|
| 980 |
|
|
|a Mạng thư viện Đại học Đà Nẵng
|